000 00434nam a22001697a 4500
999 _c160810
_d160810
005 20190211173221.0
010 _aA-584845
020 _a8170116333
_c11.00
035 _aA-584845
037 _bA CBT Publication
082 _aS
100 _aMohan, Shailaja
245 _aAdventure in tiger country /
_cShailaja Mohan
260 _aNew Delhi
_bA CBT Publication
_c1992
300 _a69p.
_c21cm(pbk)
942 _2ddc
_cEN
_hS
_mSHA